00834 a2200169 4500082001600000100002100016245010300037260003200140300003300172500008900205856005700294942002500351999001700376952008000393952008900473952010200562 aMS-IT-9 SAQ aAlam Jan9100730 aEfficient neighbour channel reservation (ENCR) for contention resolution in OBS networkscAlam Jan aIslamabadbNUST-SEECSc2012 a43p.b;ill.c;27cm.+eCD ROM aSupervisors: Dr. Khurram Aziz, Dr. Adeel Baig, Dr. Anjum Naveed, Mr. Muhammad Ramzan uhttp://10.250.8.41:8080/xmlui/handle/123456789/10028 cPRkMS-IT-9 ALA2ddc c11348d11348 00104070aCLbCLl0oMS-IT-9 ALApSEECSP01224r2012-11-14w2012-11-14yPR 00102ddc4070aCLbCLcTHEd2019-10-03o004pCL-T-3393r2019-10-03w2019-10-03yPR 00102ddc4070aCLbCLcTHEd2020-01-17o004 MS-IT-9 SAQpCL-T-4634r2020-01-17w2020-01-17yTHE